Kapitel 12 - Studium Latinum - Nomina - Statistiken

Allgemein
  • Dieses Quiz wurde 10 mal gespielt
  • Das Durchschnittsergebnis liegt bei 9 aus 22
Antwortstatistiken
Hint Antwort % Korrekt
animal, animalis n Tier
100%
felix, felicis glücklich
88%
mare, -is, n Meer
88%
infelix, infelicis unglücklich
88%
pes, pedis, m Fuß
75%
gravis, -e schwer
75%
tempus, temporis, n Zeit
75%
turris, turriis, f Turm
63%
senex, senis, m alter Mann
38%
celeber, celebris, celebre berühmt
25%
longus, -a, -um lang, weit
25%
fortis, -e tapfer
25%
Atheniensis, -e athenisch, Athener
13%
os, ossis, n Knochen
13%
caput, capitis, n Kopf, Haut
13%
os, oris, n Mund, Gesicht
13%
lauts, lateris, m Seite
13%
tantus so groß
13%
moenia, -ium, n Stadtmauer
13%
nobilis bekannt
0%
vis, vim, vi Kraft, Macht
0%
prudens, prudentis umsichtig, klug
0%
Keine übereinstimmenden Quizze gefunden
Verteilung der Resultate
Anzahl Personen mit jedem Resultat
Perzentil nach korrekt beantworteten Fragen
Ihre Resultats-Entwicklung
Sie haben dieses Quiz noch nicht gespielt